000 00207nam a22000977a 4500
008 230826b |||||||| |||| 00| 0 eng d
041 _aeng
245 _aAnubhav
650 _aSociology
_9119052
942 _cJN
999 _c355933
_d355933